[Event "GER-chT U10"]
[Site "Magdeburg"]
[Date "2015.12.28"]
[Round "4.4"]
[White "Huber, Jakob"]
[Black "Deitsche, Alexej"]
[Result "0-1"]
[WhiteElo "851"]
[BlackElo "800"]
[PlyCount "46"]
[EventDate "2015.12.27"]
[EventType "team-swiss"]
[EventRounds "7"]
[EventCountry "GER"]
[SourceTitle "EXT 2017"]
[Source "ChessBase"]
[SourceDate "2016.10.25"]
[SourceVersion "1"]
[SourceVersionDate "2016.10.25"]
[SourceQuality "1"]
[WhiteTeam "Muenchen Suedost"]
[BlackTeam "Brackel"]
[WhiteTeamCountry "GER"]
[BlackTeamCountry "GER"]

1. d4 b6 2. Bf4 g6 3. Nc3 Bg7 4. Nb5 Na6 5. e3 Bb7 6. Nf3 c6 7. Nc3 Bh6 8. Bxh6 Nxh6 9. Bd3 0-0 10. 0-0 c5 11. dxc5 bxc5 12. Qd2 Bxf3 13. gxf3 Qc7 14. f4 e5 15. fxe5 Qxe5 16. Be4 Ng4 17. f4 Qh5 18. Bxa8 Rxa8 19. Ne4 Rd8 20. c3 Nb8 21. a3 d6 22. b4 d5 23. Nf2 Qxh2# 0-1